000 00454cam a2200181ua 4500
020 _cRs 7.50
041 _amal
_h
082 _a894.812 09
_bNAR/KE
100 _aNarayana Panicker, R.
245 _aKerala bhasha /
_cR Narayana Panicker.
_hTextual Documents
250 _a2 /
_b.
260 _aThiruvananthapuram :
_bV V Book Depot ,
_c1963.
300 _a520 ; .
365 _aRs 7.50
504 _a
942 _cBK
999 _c4141
_d4141